[Event "72nd ch-RUS 2019"]
[Site "Izhevsk RUS"]
[Date "2019.08.14"]
[Round "4.3"]
[White "Artemiev, Vladislav"]
[Black "Sarana, Alexey"]
[Result "1/2-1/2"]
[WhiteTitle "GM"]
[BlackTitle "GM"]
[WhiteElo "2757"]
[BlackElo "2655"]
[WhiteFideId "24101605"]
[BlackFideId "24133795"]
[EventDate "2019.08.10"]

1. c4 e5 2. g3 Nf6 3. Bg2 Nc6 4. Nc3 Bb4 5. e4 d6 6. d3 O-O 7. Ne2 Bg4 8. O-O
Bxe2 9. Qxe2 Nd4 10. Qd1 Nd7 11. Kh1 Bc5 12. f4 exf4 13. gxf4 f5 14. Be3 a5 15.
Qd2 c6 16. Qf2 Qf6 17. Rad1 Kh8 18. Rg1 Rf7 19. Bh3 Nf8 20. exf5 Nxf5 21. Bxc5
dxc5 22. Qxc5 Ne6 23. Qxf5 Qxf5 24. Bxf5 Rxf5 25. d4 Rxf4 26. d5 Nc5 27. dxc6
bxc6 28. Rd6 Rc8 29. Rgd1 h6 30. Rd8+ Rxd8 31. Rxd8+ Kh7 32. Rd6 Ne4 33. Nxe4
Rxe4 34. b3 Re1+ 35. Kg2 Re2+ 36. Kg1 Rxa2 37. Rxc6 Rb2 38. Rc5 Rxb3 39. Rxa5
Rc3 40. Rc5 Rc2 41. Rc6 1/2-1/2

[Event "72nd ch-RUS 2019"]
[Site "Izhevsk RUS"]
[Date "2019.08.16"]
[Round "6.5"]
[White "Predke, Alexandr"]
[Black "Sarana, Alexey"]
[Result "1/2-1/2"]
[WhiteTitle "GM"]
[BlackTitle "GM"]
[WhiteElo "2650"]
[BlackElo "2655"]
[WhiteFideId "24107581"]
[BlackFideId "24133795"]
[EventDate "2019.08.10"]

1. d4 Nf6 2. c4 e6 3. g3 Bb4+ 4. Nd2 d5 5. Bg2 O-O 6. Nf3 dxc4 7. Qc2 a5 8. a3
Bxd2+ 9. Bxd2 b5 10. a4 Bb7 11. axb5 Qd5 12. O-O Qxb5 13. Qa4 Qxa4 14. Rxa4 Nbd7
15. Rxc4 Ba6 16. Rxc7 Bxe2 17. Re1 Bxf3 18. Bxf3 Rab8 19. Bc3 Nb6 20. Bxa5 Nbd5
21. Rc2 Nb4 22. Rd2 Rfc8 23. Re5 Nbd5 24. Ree2 Rc4 25. Kg2 h6 26. Rd3 Rb5 27.
Be1 g5 28. h3 Kg7 29. Bd2 Rc8 30. Ra3 Rc4 31. Bc3 Rb8 32. Rd2 Rbc8 33. Rd3 Nb4
34. Rd2 Nbd5 35. Rd3 Nb4 36. Rd1 Nfd5 37. Bxd5 Nxd5 38. Rd3 Kg6 39. Rb3 h5 40.
Kf3 Kf5 41. Ke2 g4 42. hxg4+ hxg4 43. Rb5 R4c7 44. Ra5 Rc6 45. Rb5 f6 46. Ra5
Ke4 47. Kd2 Rh8 48. Ra1 Rh2 49. Re1+ Kf5 50. Re2 Rc8 51. Kd1 Rh1+ 52. Re1 Rh2
53. Re2 Rc6 54. Kd2 Rh1 55. Re1 Rxe1 56. Kxe1 Ke4 57. Ke2 Rb6 58. Rd1 Ra6 59.
Re1 Rc6 60. f3+ Kf5 61. Kf2 Ra6 62. fxg4+ Kxg4 63. Re4+ Kf5 64. Kf3 Rc6 65. Rh4
Nxc3 66. bxc3 Rxc3+ 67. Kf2 Rc2+ 1/2-1/2

[Event "72nd ch-RUS 2019"]
[Site "Izhevsk RUS"]
[Date "2019.08.22"]
[Round "11.1"]
[White "Dreev, Aleksey"]
[Black "Inarkiev, Ernesto"]
[Result "0-1"]
[WhiteTitle "GM"]
[BlackTitle "GM"]
[WhiteElo "2662"]
[BlackElo "2682"]
[WhiteFideId "4100107"]
[BlackFideId "4162722"]
[EventDate "2019.08.10"]

1. d4 Nf6 2. c4 e6 3. Nc3 Bb4 4. Qc2 d5 5. cxd5 exd5 6. Bf4 Ne4 7. e3 c5 8. dxc5
Qa5 9. Ne2 O-O 10. a3 Bf5 11. Qc1 Nxc5 12. axb4 Nd3+ 13. Kd2 Qd8 14. Qb1 Bg6 15.
Bxb8 Qxb8 16. f4 Nf2 17. Qe1 Nxh1 18. Nd4 Qd6 19. Bd3 Qxb4 20. Nc2 Qb6 21. Qxh1
d4 22. exd4 Rac8 23. Ra2 Bxd3 24. Kxd3 Qb3 25. Rxa7 b5 26. Rb7 Qxb2 27. Qe1 Qb3
28. Qa1 Rc6 29. d5 Rxc3+ 0-1